Sloboda pohybu osôb v EÚ diplomová práca

Saved in:
Bibliographic Details
Main Author: Vunhu, Marián
Corporate Author: Ekonomická univerzita v Bratislave. Fakulta medzinárodných vzťahov
Other Authors: Mráz, Stanislav
Format: Book
Language:Slovak
Published: Bratislava 2010
Tags: Add Tag
No Tags, Be the first to tag this record!

MARC

LEADER 00000nam a2200000 4500
001 0121893
005 20240318123428.7
041 0 |a slo 
044 |a SK 
245 1 0 |a Sloboda pohybu osôb v EÚ  |b diplomová práca  |c Marián Vunhu ; škol. Stanislav Mráz 
264 1 |a Bratislava  |c 2010 
100 1 |a Vunhu, Marián 
700 1 |a Mráz, Stanislav 
710 2 |a Ekonomická univerzita v Bratislave. Fakulta medzinárodných vzťahov